Growing cabbage (Brassica oleracea var. capitata, Cruciferae family) (Record no. 44993)
[ view plain ]
| 000 -LEADER | |
|---|---|
| fixed length control field | 00945nam a2200193 a 4500 |
| 008 - FIXED-LENGTH DATA ELEMENTS--GENERAL INFORMATION | |
| fixed length control field | 120416s2005 ||||||||||||||||| || u |
| 050 ## - LIBRARY OF CONGRESS CALL NUMBER | |
| Classification number | GOV.ZAM(02)2005/10 |
| 100 ## - MAIN ENTRY--PERSONAL NAME | |
| Personal name | Mingochi, Donald S |
| 245 10 - TITLE STATEMENT | |
| Title | Growing cabbage (Brassica oleracea var. capitata, Cruciferae family) |
| Statement of responsibility, etc. | Produced by National Agricultural Information Services (NAIS). Ministry of Agriculture and Cooperatives |
| 260 ## - PUBLICATION, DISTRIBUTION, ETC. | |
| Place of publication, distribution, etc. | Lusaka |
| Name of publisher, distributor, etc. | NAIS |
| Date of publication, distribution, etc. | 2005 |
| 300 ## - PHYSICAL DESCRIPTION | |
| Extent | 10p. : ill. |
| 350 ## - PRICE (NR) (BK AM CF MU VM SE) [OBSOLETE] | |
| Price | 0.00 |
| 500 ## - GENERAL NOTE | |
| General note | Extract from Improved vegetable production practices for smallholder famers in Zambia. |
| 650 ## - SUBJECT ADDED ENTRY--TOPICAL TERM | |
| Topical term or geographic name entry element | AGRICULTURE |
| 650 ## - SUBJECT ADDED ENTRY--TOPICAL TERM | |
| Topical term or geographic name entry element | CABBAGE--ZAMBIA |
| 700 ## - ADDED ENTRY--PERSONAL NAME | |
| Personal name | Luchen, Sina W. S |
| 710 ## - ADDED ENTRY--CORPORATE NAME | |
| Corporate name or jurisdiction name as entry element | Government of the Republic of Zambia. Ministry of Agriculture and Cooperatives. National Agricultural Information Services (NAIS) |
| 995 ## - RECOMMENDATION 995 [LOCAL, UNIMARC FRANCE] | |
| -- | 0.00 |
| -- | CBU-MAIN LIBRARY (Kitwe) |
| -- | 1 |
| -- | 0.00 |
| -- | 1 |
| -- | AVAILABLE |
| -- | Zambiana Collection |
| Withdrawn status | Lost status | Source of classification or shelving scheme | Damaged status | Not for loan | Home library | Current library | Shelving location | Date acquired | Total Checkouts | Full call number | Barcode | Date last seen | Price effective from | Koha item type |
|---|---|---|---|---|---|---|---|---|---|---|---|---|---|---|
| CBU-MAIN LIBRARY, KITWE. | CBU-MAIN LIBRARY, KITWE. | 11/30/2022 | GOV.ZAM(02)2005/10 | 9018402 | 11/30/2022 | 11/30/2022 | MONOGRAPH |